<?xml version="1.0" encoding="UTF-8"?>
<record
    xmlns:xsi="http://www.w3.org/2001/XMLSchema-instance"
    xsi:schemaLocation="http://www.loc.gov/MARC21/slim http://www.loc.gov/standards/marcxml/schema/MARC21slim.xsd"
    xmlns="http://www.loc.gov/MARC21/slim">

  <leader>00522nam a2200193   4500</leader>
  <controlfield tag="005">20141205091509.0</controlfield>
  <controlfield tag="007">000</controlfield>
  <controlfield tag="008">000</controlfield>
  <datafield tag="040" ind1=" " ind2=" ">
    <subfield code="a">UOEL</subfield>
  </datafield>
  <datafield tag="050" ind1=" " ind2=" ">
    <subfield code="a">QL618.15</subfield>
    <subfield code="b">.S6  21-32</subfield>
  </datafield>
  <datafield tag="100" ind1=" " ind2=" ">
    <subfield code="a">Smith Margaret M.</subfield>
  </datafield>
  <datafield tag="245" ind1=" " ind2=" ">
    <subfield code="a">Fishes of the family of Anthiidae /</subfield>
    <subfield code="c">J. L. B. Smith</subfield>
  </datafield>
  <datafield tag="260" ind1=" " ind2=" ">
    <subfield code="a">Grahamstown ;</subfield>
    <subfield code="b">Rhodes University ,</subfield>
    <subfield code="c">c1973.</subfield>
  </datafield>
  <datafield tag="300" ind1=" " ind2=" ">
    <subfield code="a">v-</subfield>
  </datafield>
  <datafield tag="440" ind1=" " ind2=" ">
    <subfield code="a">Ichthyological bulletin no. 21</subfield>
  </datafield>
  <datafield tag="500" ind1=" " ind2=" ">
    <subfield code="a">Includes bibliographical references and index</subfield>
  </datafield>
  <datafield tag="650" ind1=" " ind2=" ">
    <subfield code="a">Ichthyology</subfield>
    <subfield code="x">Zoology</subfield>
  </datafield>
  <datafield tag="942" ind1=" " ind2=" ">
    <subfield code="2">lcc</subfield>
    <subfield code="c">LL</subfield>
  </datafield>
  <datafield tag="999" ind1=" " ind2=" ">
    <subfield code="c">1677</subfield>
    <subfield code="d">1677</subfield>
  </datafield>
  <datafield tag="952" ind1=" " ind2=" ">
    <subfield code="0">0</subfield>
    <subfield code="1">0</subfield>
    <subfield code="2">lcc</subfield>
    <subfield code="4">0</subfield>
    <subfield code="7">0</subfield>
    <subfield code="a">UOE</subfield>
    <subfield code="b">UOE</subfield>
    <subfield code="c">GEN</subfield>
    <subfield code="d">2014-12-05</subfield>
    <subfield code="l">0</subfield>
    <subfield code="o">QL618.15 .S6  21-32</subfield>
    <subfield code="p">20136351</subfield>
    <subfield code="r">2026-04-27 11:46:59</subfield>
    <subfield code="t">20136351</subfield>
    <subfield code="w">2014-12-05</subfield>
    <subfield code="y">LL</subfield>
  </datafield>
  <datafield tag="952" ind1=" " ind2=" ">
    <subfield code="0">0</subfield>
    <subfield code="1">0</subfield>
    <subfield code="2">lcc</subfield>
    <subfield code="4">0</subfield>
    <subfield code="7">0</subfield>
    <subfield code="a">UOE</subfield>
    <subfield code="b">UOE</subfield>
    <subfield code="c">GEN</subfield>
    <subfield code="d">2014-12-05</subfield>
    <subfield code="l">0</subfield>
    <subfield code="o">QL618.15 .S6  21-32</subfield>
    <subfield code="p">20136352</subfield>
    <subfield code="r">2026-04-27 11:46:59</subfield>
    <subfield code="t">20136352</subfield>
    <subfield code="w">2014-12-05</subfield>
    <subfield code="y">LL</subfield>
  </datafield>
</record>
